The Shining (1980) Trivia - Statistics

General Stats
  • This quiz has been taken 460 times
    459 since last reset
  • The average score is 13 of 25
Answer Stats
Hint Answer % Correct
REDRUM MURDER
83%
His son Danny
81%
His Wife Wendy
76%
Did he like the film? No
75%
Kid's "talent" is called Shining
74%
Main Character Jack Torrance
73%
Hotel's Name The Overlook Hotel
73%
His son's... friend Tony
65%
Based on the novel of the same name from Stephen King
64%
All ______ and no ____ makes _____ a ____ ___ All work and no play makes Jack a dull boy
63%
Hotel's State Colorado
56%
Director/Writer/Producer Stanley Kubrick
51%
Kid's nickname "Doc"
50%
Oscars won 0
49%
Most popular Room 237
47%
And opens on... May 1st
44%
The creepy bartender Lloyd
43%
Hotel closes in... October
41%
The cook Dick Halloran
36%
The creepier waiter Delbert Grady
33%
July 4th ball ____ 1921
27%
Built in... 1909
19%
"But I ______ them, sir" corrected
19%
Jack's drink Jack Daniel's
15%
Kid's favourite cartoon Road Runner
15%
No matching quizzes found
Score Distribution
Percent of People with Each Score
Percentile by Number Answered
Your Score History
You have not taken this quiz since the last reset